000 00890nam a22001817a 4500
999 _c61038
_d61038
005 20231211151156.0
008 231211s1985 ru ||||| |||| 00| 0 rus d
041 _arus
080 _a738.071.2 C-34
100 _aСидорова, Н.А.
_920090
245 _aАнтичная расписная керамика из собрания Государственного музея изобразительных искусств им. А.С. Пушкина /
_cН.А. Сидорова, О.В. Тугушева, В.С. Забелина.
264 _aМосква :
_bИскусство,
_c1985.
300 _a80 c. :
_bил.;
_c35 см.
653 _a ანტიკური მოხატული ჭურჭელი
700 _aТугушева, О.В.
_eავტორი
_920655
700 _aЗабелина, В.С.
_eავტორი
_920656
942 _2udc
_cᲬᲘᲒᲜᲘ